New programme launched to tackle industry health and safety shortfall (Record no. 78481)

MARC details
000 -LEADER
fixed length control field 01171cab a2200229 4500
001 - CONTROL NUMBER
control field L136886
008 - FIXED-LENGTH DATA ELEMENTS--GENERAL INFORMATION
fixed length control field 070228n2007 000 0 eng u
035 ## - SYSTEM CONTROL NUMBER
System control number (Sirsi) u136886
041 0# - LANGUAGE CODE
Language code of text/sound track or separate title eng
110 2# - MAIN ENTRY--CORPORATE NAME
Corporate name or jurisdiction name as entry element CITB-ConstructionSkills
9 (RLIN) 4992
245 ## - TITLE STATEMENT
Title New programme launched to tackle industry health and safety shortfall
Medium [electronic resource]
260 ## - PUBLICATION, DISTRIBUTION, ETC.
Date of publication, distribution, etc. 2007
490 #0 - SERIES STATEMENT
Series statement CITB-ConstructionSkills Press Release
Volume/sequential designation February 2007
520 ## - SUMMARY, ETC.
Summary, etc. Site Safety Plus, a new lifelong learning health and safety training programme, has been launched in preparation of the Construction (Design and Management) Regulations 2007. Site Safety Plus incorporates a number of courses, tackling safety issues from operative to management level. The courses have been revised to take account of the new CDM Regulations.
590 ## - LOCAL NOTE (RLIN)
Local note KA
650 24 - SUBJECT ADDED ENTRY--TOPICAL TERM
Topical term or geographic name entry element CONSTRUCTION (DESIGN AND MANAGEMENT) REGULATIONS 2007
650 24 - SUBJECT ADDED ENTRY--TOPICAL TERM
Topical term or geographic name entry element CITB-CONSTRUCTION SKILLS SITE SAFETY PLUS
651 #4 - SUBJECT ADDED ENTRY--GEOGRAPHIC NAME
Geographic name United Kingdom
Chronological subdivision
690 ## - LOCAL SUBJECT ADDED ENTRY--TOPICAL TERM (OCLC, RLIN)
Topical term or geographic name as entry element Health and safety
9 (RLIN) 6244
856 40 - ELECTRONIC LOCATION AND ACCESS
Uniform Resource Identifier <a href="https://www.citb-constructionskills.co.uk/news">https://www.citb-constructionskills.co.uk/news</a>
Public note View the item free of charge at www.citb-constructionskills.co.uk...
942 ## - ADDED ENTRY ELEMENTS (KOHA)
Suppress in OPAC 0
Holdings
Withdrawn status Lost status Source of classification or shelving scheme Damaged status Not for loan Home library Current library Shelving location Date acquired Total Checkouts Full call number Barcode Date last seen Copy number Price effective from Koha item type
    Dewey Decimal Classification     Virtual Virtual Online 28/02/2007   L136886 136886-2001 06/08/2019 1 06/08/2019 Journal article